[Event "Satka Autumn 2020"]
[Site "Satka"]
[Date "2020.10.23"]
[Round "3.2"]
[White "Guseva, Marina"]
[Black "Voit, Daria"]
[Result "0-1"]
[WhiteElo "2377"]
[BlackElo "2343"]
[Annotator "TA"]
[PlyCount "106"]
[EventDate "2020.10.21"]
[EventType "swiss"]
[EventCountry "RUS"]
[SourceTitle "playchess.com"]
[Source "ChessBase"]
[SourceQuality "1"]

{[%evp 17,106,27,34,40,33,31,34,26,41,33,25,19,41,20,18,7,24,4,14,3,8,3,34,33,37,12,35,0,29,18,35,23,32,18,21,15,15,19,16,10,16,14,33,23,23,8,18,0,24,-5,0,0,3,0,24,24,24,24,24,24,30,24,26,29,43,36,28,-92,-82,-99,-96,-186,-198,-195,-173,-332,-322,-348,-39,-215,-215,-326,-238,-224,-238,-484,-289,-347,-288,-29997,-300]} 1. d4 d5 2. c4 dxc4 3. e4 Nf6 4. e5 Nd5 5. Bxc4 Nb6 6. Bd3 Nc6 7. Ne2 Bg4 8. f3 Be6 {8...Bh5 might become the main line.} 9. Nbc3 {[%cal Bb1c3,Bc3e4,Be4c5][%mdl 32]} Qd7 {9...Bc4 is not played anymore.} 10. Ne4 {D20: Queen's Gambit Accepted: 3 e3 and 3 e4.} Bd5 11. Nc5 Qc8 12. a3 {White is slightly better.} e6 13. Qc2 Bxc5 14. Qxc5 Qd7 15. Be3 (15. O-O {keeps more tension.} Bb3 16. Be3 a6 17. Be4 Nd5 18. Bf2) 15... a6 {[#] Threatens to win with ...Nc4!} 16. Qc2 Ne7 17. O-O Bc6 18. Bf2 {[#]} Bb5 $146 ({Predecessor:} 18... Ba4 19. b3 Bb5 20. Be4 Nbd5 21. Rfc1 f5 22. exf6 gxf6 23. Nc3 Bc6 24. Nxd5 Nxd5 {1-0 (61) Wojtaszek,R (2736)-Zhang,Z (2637) Baku 2016}) 19. Be4 Nbd5 20. Rfe1 Bxe2 21. Rxe2 (21. Qxe2 {seems wilder.} c6 22. Qd2 Nf5 23. Qc2 O-O-O 24. Rab1) 21... h6 22. Rd1 c6 23. Be1 Qc7 24. Qc1 Qb6 25. Rc2 Rd8 26. Kh1 Rd7 27. Rc5 Qd8 28. Bh4 Qb6 29. b4 Qa7 30. f4 Qb8 31. Rd3 O-O 32. h3 f5 33. exf6 Nxf6 34. Bxf6 Rxf6 35. Re5 Ng6 36. Bxg6 $1 Rxg6 37. Qc4 Rd5 38. Rde3 Qd6 39. R3e4 Rf6 40. Qc3 Qd7 41. Qe3 Rd6 42. f5 (42. g4 $11 {keeps the balance.}) 42... exf5 $17 43. Re8+ Rf8 44. R4e7 (44. Qb3+ $17 Qf7 45. Qxf7+ Kxf7 46. R8e7+ Kf6 47. R4e5) 44... Rxe8 $19 45. Rxe8+ {[%mdl 4096] Endgame KQR-KQR} Kf7 46. Rb8 $2 (46. Re5 {keeps fighting.}) 46... Rxd4 {White must now prevent ...Rd1+.} 47. Qe5 Re4 $2 (47... Rd5 $19 48. Qf4 Rd3) 48. Qg3 $2 {White does not recover from this.} (48. Rxb7 $1 $15 Rxe5 49. Rxd7+ Re7 50. Rd6) 48... Re7 49. Qf4 (49. Kh2 {was called for.}) 49... Qd1+ 50. Kh2 {[%cal Rf4f5]} Qd5 51. Kh1 $2 (51. Rc8) 51... Qe4 (51... g5 $142 52. Qf2 Kg6) 52. Qd6 f4 {( -> ...Qe1+)} 53. Rd8 $2 {[#]} (53. Qd1 $19) 53... Qe1+ {Av CentiPawn Loss W=-52/B=-44. Weighted=-92/-44} 0-1

[Event "Satka Autumn 2020"]
[Site "Satka"]
[Date "2020.10.23"]
[Round "3.3"]
[White "Protopopova, Anastasiya"]
[Black "Afonasieva, Anna"]
[Result "0-1"]
[WhiteElo "2210"]
[BlackElo "2279"]
[Annotator "TA"]
[PlyCount "124"]
[EventDate "2020.10.21"]
[EventType "swiss"]
[EventCountry "RUS"]
[SourceTitle "playchess.com"]
[Source "ChessBase"]
[SourceQuality "1"]

{[%evp 17,124,12,24,0,27,14,27,-43,19,0,14,0,5,-14,-12,-5,0,0,-4,-66,-35,-43,-21,-21,-19,-25,0,-35,-20,-36,0,-36,-24,-36,-17,-14,-18,-84,-52,-52,-54,-50,-50,-81,-89,-91,-47,-46,-48,-41,-24,-84,0,0,20,30,34,0,0,0,0,0,18,0,0,0,0,-4,0,-9,0,-29,0,-68,0,0,0,-13,-8,-13,-7,-8,0,0,0,-72,-41,-98,-91,-896,-895,-872,-813,-777,-776,-1162,-1162,-29981,-29982,-3058,-1972,-2025,-1940,-1574,-1472,-29993,-29994,-29994,-29995]} 1. d4 d5 2. c4 c6 3. Nf3 Nf6 4. g3 g6 5. Bg2 Bg7 6. O-O O-O 7. Qb3 dxc4 8. Qxc4 Bf5 {8...b5 is a critical line. Played by Maxime Vachier Lagrave in September 2020.} 9. Nc3 Nbd7 10. Rd1 {D78: Fianchetto Grünfeld: 6 0-0 c6.} Rc8 {[#] Strongly threatening ...Bc2.} 11. a4 $146 ({Predecessor:} 11. Qb3 Qb6 12. Qa3 Rfe8 13. Nh4 Be6 14. e4 Bg4 15. f3 Be6 16. Be3 Bc4 17. b3 Ba6 {½-½ (30) Uryupin,I (2274)-Balashov,Y (2432) Tambov 2014}) 11... Ne4 12. Nh4 (12. a5 $11) 12... Nb6 (12... Nd6 $15 13. Qb3 Be6) 13. Qb4 Nxc3 14. bxc3 Bg4 15. a5 Nd5 ({But not} 15... Bxe2 $2 16. Rd2 $18) 16. Bxd5 cxd5 17. Nf3 Qd7 18. Bg5 (18. Rb1 $11) 18... h6 19. Be3 Rc4 20. Qb2 Rfc8 21. Ra3 Qc6 22. Rb1 Bf5 23. Rc1 Rc7 24. Bf4 Rd7 25. Rca1 g5 26. Be3 $1 Rc7 {[%cal Rc4c3]} 27. Rc1 (27. Ne5 $1 $11 Bxe5 28. dxe5) 27... Bg4 28. Nd2 Ra4 29. f3 {[#] Hoping for Rxa4.} Bf5 30. Rca1 Rxa3 31. Rxa3 Qa6 32. Nb3 Qb5 33. Qd2 e6 34. Nc5 (34. g4 $11 Bg6 35. Nc5) 34... Qc6 (34... Qb1+ $17 35. Qc1 Qxc1+ 36. Bxc1 b6 37. axb6 axb6 38. Ra8+ Kh7) 35. Qb2 $11 e5 36. Rb3 $1 {[%cal Rb3b7]} exd4 37. cxd4 {[%cal Rb3b7]} Qe8 {...Rxc5! is the strong threat.} 38. Qd2 Bc8 39. Bf2 Qc6 40. Qb4 Re7 41. Rb2 Bh3 42. Nd3 Rc7 43. Nc5 Qf6 44. Qb5 Qe7 45. Rb1 {[#]} (45. Nd3 $11) 45... g4 (45... b6 $1 $15 {[%mdl 512]} 46. axb6 axb6) 46. Qd3 Qf6 47. Nxb7 gxf3 48. Nc5 fxe2 {And now ...Re7 would win.} 49. Rb8+ Bf8 {White must now prevent ...Re7.} 50. Qxe2 Re7 51. Qd3 (51. Qd1 $1 $11 {remains equal.}) 51... Kg7 (51... Qg5 $5 {[%cal Rg5c1]} 52. Qb1 Qd2 $15) 52. g4 ({Better is} 52. Rb3 $15) 52... Bxg4 $40 {[%mdl 128] aiming for ...Bf3. Black is out for blood.} 53. Bg3 $2 {[%mdl 8192] This move loses the game for White.} (53. Qg3 $17 Qg5 54. Ra8) 53... Be2 $19 {[%csl Ge2][%cal Rf6f1]} 54. Qb1 Qxd4+ 55. Kg2 Qxc5 56. Bf2 d4 57. Qb2 Qg5+ 58. Bg3 Qd5+ 59. Kg1 Bf3 60. Rb5 Qe4 61. Qb4 Qe3+ 62. Bf2 Qc1+ {Av CentiPawn Loss W=440/B=-35. Weighted=80/-51} 0-1

[Event "Satka Autumn 2020"]
[Site "Satka"]
[Date "2020.10.23"]
[Round "3.4"]
[White "Khokhlova, Daria"]
[Black "Filippova, Margarita"]
[Result "1-0"]
[WhiteElo "2168"]
[BlackElo "1896"]
[Annotator "TA"]
[PlyCount "123"]
[EventDate "2020.10.21"]
[EventType "swiss"]
[EventCountry "RUS"]
[SourceTitle "playchess.com"]
[Source "ChessBase"]
[SourceQuality "1"]

{[%evp 19,123,3,25,-78,62,10,10,10,10,10,10,13,16,17,41,22,48,11,45,33,66,77,135,133,205,206,348,193,177,193,185,184,184,183,186,128,193,123,170,175,186,162,345,112,235,204,335,327,313,311,347,331,338,340,320,308,256,252,194,214,229,190,194,183,255,236,245,236,232,235,236,230,245,198,275,190,275,275,275,275,731,679,701,566,633,647,1858,803,738,547,547,0,592,447,455,443,559,522,588,622,906,754,12845,12844,29998,29999]} 1. d4 d5 2. c4 c6 3. Nf3 Nf6 4. e3 e6 5. b3 Nbd7 6. Bd3 Be7 7. O-O O-O 8. Bb2 b6 9. Nc3 Bb7 10. Ne5 c5 11. cxd5 {D46: Semi-Slav: 5 e3 Nbd7 6 Bd3, Black avoids the Meran.} (11. Qe2 $11) 11... exd5 (11... cxd4 $17 12. Nxf7 {[%mdl 64] Remove Defender} (12. exd4 Nxe5 13. dxe5 Nxd5 $15) 12... Rxf7 13. dxe6 Rf8 14. exd4 Nb8) 12. f4 (12. Qf3 $14) 12... cxd4 $11 13. exd4 {The position is equal.} Ne4 14. Nxe4 dxe4 15. Bc4 Nf6 16. Qe2 {[#]} Bd5 $146 ({Predecessor:} 16... a6 17. a4 Bb4 18. Rac1 Qe7 19. f5 Kh8 20. Rf4 b5 21. axb5 axb5 22. Bxb5 Ra2 {0-1 (35) Szotkowski,J (2328)-Ali Marandi,C (2439) Porto Carras 2015}) 17. Rac1 Rc8 18. Rfd1 Qd6 19. Rc3 Bxc4 20. bxc4 a6 (20... Qe6 $142) 21. d5 $16 Qb8 (21... Rfd8 $16 {is a better defense.}) 22. Rg3 $18 {aiming for d6!} b5 {[#]} (22... Rfd8 {was necessary.} 23. Ng4 Nxg4 24. Qxg4 (24. Rxg4 Bf8 $16) 24... g6) 23. Nc6 (23. d6 $142 $1 {[%mdl 512]} Bd8 (23... Bxd6 24. Nd7) 24. Kh1) 23... Rxc6 24. dxc6 {Hoping for Bxf6.} Qb6+ 25. Kh1 Qxc6 26. cxb5 axb5 27. Rg5 ({White should play} 27. Rb3 $18) 27... Rb8 (27... Qc4 $16 28. Re1 Rb8) 28. Be5 (28. Rc1 $18 Qa6 29. Bxf6 Bxf6 30. Rxb5 $1 {[%mdl 512]}) 28... Rb7 29. Bxf6 Bxf6 30. Rgd5 $40 {[%mdl 128] Intending Rd8+! and mate. White attacks with force.} Qe8 $2 {[#]} (30... g6 31. Qxe4 Kg7) 31. Rc1 $2 (31. Qxe4 $1 $18 {[%cal Re4e8][%mdl 512] is the precise move to win.} Re7 (31... Qxe4 32. Rd8+) 32. Qb1) 31... b4 {[#]} (31... g6 $16) 32. Rb5 $1 {[%mdl 512]} Rd7 (32... Re7 $142 33. Rxb4 h6) (32... Rxb5 33. Qxb5) 33. Rxb4 e3 34. Rb3 Bd4 35. Rd1 Ba7 36. Rxd7 Qxd7 {[%mdl 4096] Endgame KQR-KQB} 37. Qd3 Qe8 {And now ...e2 would win.} 38. Rb2 g6 39. h3 Qa4 40. Qf1 Qd4 41. Re2 h5 {[#]} (41... Bc5 {was called for.} 42. Qf3 Qd1+ 43. Kh2 Qd4) 42. h4 $1 Kg7 43. g3 Qd3 44. Kg2 Bd4 45. Qf3 Ba7 46. Kh2 Qc4 (46... Bc5 {was worth a try.} 47. f5 Qc4 48. fxg6 Kxg6) 47. Qg2 Qd3 (47... Bb6 $142 48. Rc2 Qe6) 48. Rc2 Qd4 49. Qe2 g5 $2 (49... Qd7 50. Qc4 Bb6) 50. hxg5 h4 51. Qf3 hxg3+ 52. Kxg3 Qa1 53. Re2 (53. Qh5 $142 Qg1+ 54. Rg2 Qe1+ 55. Kh2) 53... Qd1 54. Kg2 Qd3 55. Kg3 Qd1 $1 56. Qg2 Qd3 57. Qf1 Bb8 58. Qf3 Ba7 59. Rh2 Qb1 60. Qe2 Qe4 61. Qh5 {Qh8+ would kill now.} Bd4 62. Qh8+ {Av CentiPawn Loss W=-50/B=-116. Weighted=-66/-112} 1-0

[Event "Satka Autumn 2020"]
[Site "Satka"]
[Date "2020.10.23"]
[Round "3.5"]
[White "Smirnova, Ekaterina"]
[Black "Borisova, Ekaterina"]
[Result "0-1"]
[WhiteElo "2282"]
[BlackElo "2292"]
[Annotator "TA"]
[PlyCount "216"]
[EventDate "2020.10.21"]
[EventType "swiss"]
[EventCountry "RUS"]
[SourceTitle "playchess.com"]
[Source "ChessBase"]
[SourceQuality "1"]

{[%evp 18,216,34,37,42,14,32,31,17,0,0,-17,-22,-35,-11,-31,-31,-72,-67,-115,-30,-44,-29,-50,-35,-54,-46,-50,-50,-67,-33,-58,-52,-104,-48,-52,-41,-283,-288,-285,-292,-259,-258,-345,-315,-256,-18,-27,-27,-12,0,-14,9,20,69,0,0,-68,0,0,0,-40,-41,-44,-33,-42,-32,-101,-117,-113,-113,-268,-194,-539,-539,-655,-652,-640,-610,-555,-508,-504,-460,-483,-460,-555,-538,-541,-505,-554,-506,-762,-681,-571,-236,-199,-108,-439,-75,-433,-424,-452,-108,-348,-108,-419,-419,-410,-410,-410,-398,-355,-227,-227,-202,-165,-75,-75,-75,-75,-5,-75,-75,-75,-75,-75,-75,-75,-75,-75,-75,-75,-75,-75,-75,-75,-41,-41,-41,-41,-41,-41,-41,-41,-41,-41,-2,-2,0,0,0,0,0,0,0,-41,-12,-41,-39,-57,-48,-47,-48,-57,-57,-57,-57,-57,-53,-52,-13,-30,-7,-12,-16,-57,-34,-41,-41,-41,-8,-8,-8,-41,-28,-28,-28,-46,-28,-1939,-1793,-29981,-29982,-29983,-29984,-29984,-29985,-29983,-490,-29983,-29982]} 1. d4 Nf6 2. c4 e6 3. Nf3 c5 4. e3 cxd4 5. exd4 b6 6. Nc3 Bb4 7. Bd3 Bb7 8. O-O O-O 9. Bg5 h6 10. Bh4 Bxf3 {E13: Queen's Indian/Nimzo-Indian hybrid: 4 Nc3 Bb7 5 Bg5 h6 6 Bh4 Bb4.} 11. Qxf3 Nc6 12. Ne2 Be7 {[#] White is slightly better.} 13. Bxf6 $146 ({Predecessor:} 13. Rac1 Rc8 14. a3 d5 15. cxd5 Qxd5 16. Qe3 Ng4 17. Qh3 Bxh4 18. Qxh4 Nf6 19. Ba6 {½-½ (30) Wang,Y (2703)-Khamrakulov,I (2604) Pamplona 2007}) 13... Bxf6 14. Qe4 {[%csl Gd3][%cal Re4h7]} g6 15. Rad1 Nb4 16. Bb1 d5 17. Qg4 dxc4 18. Nf4 Nd3 (18... Bg7 $17 19. a3 Nd5 20. Nxe6 Qc8 {[%mdl 64] Pin}) 19. Nxd3 cxd3 20. Rxd3 Rc8 21. Rfd1 Qd5 22. h4 Rfd8 23. b3 b5 24. Rf3 Bg7 $1 (24... Bxd4 $2 25. Bxg6 $1 {[%mdl 512]} Bxf2+ 26. Kxf2 $18) 25. Be4 (25. Rfd3 $15) 25... Qd7 (25... h5 $17 26. Qf4 e5 27. Bxd5 exf4) 26. Qg3 $1 $15 {[#]} e5 $1 {[%mdl 512]} 27. h5 $2 (27. d5 $15) (27. dxe5 Qxd1+) 27... f5 $19 28. Bb1 e4 29. Re3 g5 ({Inferior is} 29... Bxd4 30. Qxg6+ Qg7 31. Rg3 $11) (29... gxh5 30. Ree1 $17) 30. Qh3 Bxd4 31. Ree1 {Now Rxd4! and White clings on.} Qf7 $2 {[#]} (31... g4 $19 32. Qh4 Qg7) 32. Bxe4 $1 $11 {[%mdl 512]} g4 ({Of course not} 32... fxe4 $6 33. Rxd4 $1 {[%mdl 512]} Rf8 34. Qe3 $16) 33. Qg3 $1 Bb6 ({But not} 33... Qxh5 $2 34. Bb7 $18) (33... fxe4 $2 34. Rxd4 $1 {[%mdl 512]} Qxh5 35. Rdxe4 $18) 34. Bb1 Bc7 35. Qe3 f4 36. Qe4 (36. Qxa7 $14 g3 37. Qa6) 36... g3 $36 {[%mdl 2048] Black has the initiative.} 37. f3 ({White should play} 37. Kf1 $11) 37... Bb6+ (37... Rxd1 $15 38. Rxd1 Re8) 38. Kf1 Be3 39. Qg6+ Qxg6 40. Bxg6 b4 41. Ke2 Kg7 42. Bf5 (42. Rxd8 $15 Rxd8 43. Rd1) 42... Rxd1 $1 $17 43. Rxd1 {[%mdl 4096] Endgame KRB-KRB} Rc5 44. Bg6 $2 (44. Bh3 $17 {was the only chance.}) 44... Ra5 $1 $19 {[%cal Ra5a2]} 45. Bb1 $2 (45. Ra1 {is more resistant.}) 45... Rxh5 46. Be4 Rh2 47. Kf1 Kf6 48. Bc6 Rh5 49. Bd7 Rc5 50. Bh3 Rc2 51. Rd6+ Ke5 52. Re6+ Kd5 53. Ra6 h5 54. a3 (54. Ke1 $142 Bb6 55. Ra4) 54... Rf2+ 55. Ke1 bxa3 (55... Kd4 $142 56. axb4 Kc3 $1 {[%mdl 512]} 57. Rc6+ Kxb4) 56. Rxa3 Kd4 (56... h4 $19 57. Ra6 Rb2 58. Ra5+ Bc5) 57. Rxa7 $17 Bd2+ $1 58. Kd1 Bb4 $1 59. Rb7 Kc3 $2 (59... Kd3 $1 $19 {[%cal Rf2f1] and Black stays clearly on top.} 60. Rd7+ Ke3) 60. Rc7+ $2 (60. Rd7 $17) 60... Kxb3 $2 (60... Kd3 $1 $19 {[%cal Rf2f1]} 61. Rd7+ Kc3) 61. Rc8 $2 {[%mdl 8192]} (61. Rd7 $17) 61... Kb2 $19 62. Rb8 Rd2+ $1 63. Ke1 Rd4+ 64. Ke2 Kc2 65. Bf5+ Kc3 66. Rc8+ {[#]} Kb2 (66... Kb3 $1 $19 {is more deadly.} 67. Bc2+ Kb2) 67. Bd3 $17 Rd7 68. Rc4 Bd6 (68... Re7+ $17 69. Re4 Kc3 70. Rxe7 Bxe7) 69. Rd4 (69. Bf5 $11 Re7+ 70. Kd3) 69... Kc3 70. Rc4+ Kb3 71. Rd4 Re7+ 72. Be4 Be5 73. Bd5+ Ka3 74. Re4 h4 75. Kf1 Kb2 76. Ke2 h3 77. gxh3 Rg7 78. Kf1 Bd6 79. Kg2 Kc3 80. Bc4 Rb7 81. Bf1 Bb8 82. Rc4+ Kd2 83. Rd4+ Kc1 84. Rc4+ Kb1 85. Bd3+ Ka2 86. Rc2+ Kb3 87. Rc1 Be5 88. Re1 Bd4 89. Rb1+ Bb2 90. Re1 Rd7 91. Bf1 Rd2+ 92. Re2 Rd1 93. Re8 Bd4 94. Rb8+ Ka3 {And now ...Rd2+ would win.} 95. Ra8+ Kb4 96. Rb8+ Kc3 (96... Kc5 $5 {[%cal Rd1d2]} 97. Rc8+ Kd5 $17) 97. Rc8+ Kd2 98. Re8 Kc2 99. Rc8+ Bc3 {aiming for ...Rd2+.} (99... Kb1 {keeps more tension.} 100. Rb8+ Bb2 101. h4 Kc2 102. Rc8+ Bc3) 100. Re8 Ra1 101. Rf8 Bd2 102. Rc8+ Kd1 {White must now prevent ...Ra2.} 103. Re8 $2 {[%mdl 8192]} (103. h4 $11) 103... Be3 $19 {( -> ...Ra2+)} 104. Rd8+ {[#]} Ke1 $1 105. Bc4 Rb1 106. h4 Rb2+ 107. Kh3 Rh2+ 108. Kg4 g2 {Av CentiPawn Loss W=-63/B=-28. Weighted=-58/-28} 0-1

[Event "Satka Autumn 2020"]
[Site "Satka"]
[Date "2020.10.23"]
[Round "3.6"]
[White "Schepetkova, Margarita"]
[Black "Alekseeva, Irina"]
[Result "1-0"]
[WhiteElo "2257"]
[BlackElo "2110"]
[Annotator "TA"]
[PlyCount "91"]
[EventDate "2020.10.21"]
[EventType "swiss"]
[EventCountry "RUS"]
[SourceTitle "playchess.com"]
[Source "ChessBase"]
[SourceQuality "1"]

{[%evp 15,91,39,37,20,40,29,25,25,81,83,96,91,105,94,118,120,110,108,262,243,264,261,264,264,258,261,267,254,258,264,267,246,226,232,312,320,522,364,486,387,420,404,597,595,691,680,691,702,691,690,689,623,683,682,721,723,736,494,491,424,424,420,415,397,397,395,752,760,732,650,1097,1133,1107,860,2210,906,758,184]} 1. d4 Nf6 2. c4 g6 3. g3 Bg7 4. Bg2 d6 5. Nf3 O-O 6. O-O Nbd7 7. Nc3 e5 8. e4 Re8 {8...exd4 is becoming the main line.} 9. Re1 {E68: King's Indian: Fianchetto: 6...Nbd7 7 0-0 e5 8 e4.} h6 10. h3 exd4 11. Nxd4 {White has an edge.} c6 (11... Nc5 $11 {keeps the balance.}) 12. Be3 $16 Qe7 13. Qc2 Ne5 14. b3 {[#]} a6 $146 ({Predecessor:} 14... c5 15. Nde2 Bxh3 16. Bxh3 Nf3+ 17. Kf1 Nxe1 18. Rxe1 Nxe4 19. Nxe4 Qxe4 20. Qxe4 Rxe4 21. Rd1 Rd8 22. Bxc5 d5 23. Bg2 Re5 24. Bxd5 b5 {1-0 (24) Tadic,B (2495)-Moldovan,R (1858) Arad 2014}) 15. Rad1 c5 16. Nde2 b5 $2 (16... Rb8 $16 {was necessary.}) 17. f4 $18 ({But not} 17. cxb5 $6 Rb8 $16) 17... Nc6 {[#]} 18. e5 $1 {[%mdl 576] Discovered Attack} Bb7 (18... dxe5 19. Bxc6) 19. Rxd6 Nxe5 20. fxe5 Bxg2 21. Kxg2 {And now Bf4 would win.} Qxe5 22. Bf4 Qe7 {intending ...g5.} 23. Rdd1 (23. cxb5 g5 $14) 23... g5 24. Bc1 ({Not} 24. cxb5 gxf4 25. bxa6 (25. Nxf4 Qb7+ 26. Kh2 axb5 $11) 25... fxg3 $11) 24... b4 25. Nd5 Qe5 $2 {[#]} (25... Nxd5 {is a better defense.} 26. cxd5 Qd6) 26. Nxf6+ Bxf6 27. Rd5 Qe7 28. Bd2 a5 (28... Qb7 $142 29. Qf5 Rad8) 29. Nd4 Bxd4 30. Rxe7 Rxe7 31. Kf3 Ra6 32. Qd3 Rf6+ 33. Rf5 Rd6 34. Kg4 Be5 35. Qe2 Rd4+ 36. Kf3 Bd6 37. Be3 Rde4 {Now ...Bxg3 and Black clings on.} 38. Qd3 Rxe3+ 39. Qxe3 Rxe3+ 40. Kxe3 {[%mdl 4096] Endgame KR-KB} Kg7 $2 (40... Kf8 41. Rd5 Be7) 41. g4 {White is clearly winning.} Kg6 42. Ke4 h5 43. gxh5+ Kxh5 44. Rxf7 Kh4 45. Kf3 (45. Rh7+ $142 Kg3 46. Kd5) 45... Kh5 46. Rh7+ $2 {Black did not feel at home in the position after the opening. Av CentiPawn Loss W=-68/B=-74. Weighted=-58/-76} (46. Rd7 Bh2 47. Ra7) 1-0

[Event "Satka Autumn 2020"]
[Site "Satka"]
[Date "2020.10.23"]
[Round "3.7"]
[White "Zherebtsova, Alexandra"]
[Black "Loskutova, Viktoriya"]
[Result "1/2-1/2"]
[WhiteElo "2225"]
[BlackElo "2110"]
[Annotator "TA"]
[PlyCount "100"]
[EventDate "2020.10.21"]
[EventType "swiss"]
[EventCountry "RUS"]
[SourceTitle "playchess.com"]
[Source "ChessBase"]
[SourceQuality "1"]

{[%evp 9,100,0,0,6,8,4,0,0,0,0,0,0,-2,-13,-7,-6,0,-17,-25,-18,-19,-17,20,26,29,8,22,25,21,20,28,33,36,32,34,32,33,32,58,63,81,49,83,37,56,38,38,20,20,29,32,24,57,-16,-7,-35,-27,-120,-42,-70,-2,-5,0,0,0,0,0,-7,0,0,0,-14,-19,-20,-9,-12,-15,-37,-22,-39,0,0,0,-13,-8,-23,0,0,0,0,0,0,0]} 1. Nf3 d5 2. e3 Nf6 3. c4 e6 4. Nc3 b6 5. b3 Bb7 6. Bb2 {A17: English Opening: 1...Nf6 with ...Bb4.} a6 7. Be2 Bd6 8. O-O O-O 9. d4 Nbd7 10. cxd5 exd5 11. Qc2 Re8 {[#]} 12. Qf5 $146 ({Predecessor:} 12. Rac1 Ne4 13. Nxe4 dxe4 14. Ne5 Nxe5 15. dxe5 Bxe5 16. Rfd1 Bd6 17. Qc3 Qg5 18. Rxd6 cxd6 {0-1 (52) Vargas Ortiz,G (1741)-Ubertin Gomez,K (1744) Caracas 2019}) 12... g6 13. Qc2 Rc8 14. Rac1 Qe7 15. Rfd1 Ba3 16. Bxa3 Qxa3 17. Bd3 Qd6 18. Qe2 Ra8 19. Rc2 c5 20. Rdc1 h5 21. h3 Kg7 22. Qd1 Rac8 23. Ne2 Qe7 24. Nf4 Ne4 25. Qf1 Ra8 26. a4 Rec8 27. dxc5 bxc5 28. b4 c4 29. Bxe4 Qxe4 30. Nd4 Ne5 31. Rc3 ({Better is} 31. Qe1 $14 Nd7 32. Rb1) 31... Nc6 $11 32. Nxc6 Bxc6 33. Qd1 (33. Qe1 $11 {remains equal.}) 33... Rd8 (33... Rab8 $17 34. b5 axb5 35. axb5 Rxb5) 34. f3 Qe7 (34... Qe5 $15) 35. Qd4+ Kg8 36. b5 axb5 37. axb5 Bb7 38. Rd1 Rac8 39. Ra1 Qc5 40. Qxc5 (40. Rcc1 {is interesting.} Rd6 41. Rcb1 Rb6 42. Ra5 Qxd4 43. exd4 c3 44. Rc1) 40... Rxc5 41. Rb1 Ra8 42. Ne2 Ra2 43. Nd4 Rc8 44. Rc2 Ra3 45. Kf2 Kf8 46. Rbc1 Ke7 47. e4 Rd3 48. Nc6+ {The position is equal.} Bxc6 49. bxc6 Rxc6 {Threatens to win with ...Ke6.} 50. exd5 Rxd5 {Av CentiPawn Loss W=-10/B=-10. Weighted=-10/-12} 1/2-1/2